| 000 | 01850nam2a22003611 4500 | ||
|---|---|---|---|
| 001 | v19\rc\1384733 | ||
| 005 | 20250618091846.0 | ||
| 035 | _a(NLR Aleph) 004518859 | ||
| 090 |
_a4845562 _c4845562 |
||
| 100 | _a20060512d1875 |||y0rusy50 ca | ||
| 101 | 0 | _arus | |
| 102 | _aRU | ||
| 105 | _ay z ||||| | ||
| 200 | 0 | _aза 1873 год | |
| 210 |
_d1875 _aБ. м. |
||
| 215 | _a[2], 288, XXXII, XXII с. | ||
| 311 | _aЧасть тиража вышла как прил. к "Воен.-мед. журн." 1875 февр. (ч. 122) | ||
| 316 |
_aЭкз. РНБ (1/42): приплетен к журн. _5NLR: 1/42 |
||
| 422 | 0 |
_12001#$aВоенно-медицинский журнал$v1875, февр., ч. 122 _tВоенно-медицинский журнал |
|
| 461 | 0 |
_1001v19\rc\1384727 _12001#$aПротоколы заседаний Конференции Императорской Военно-медицинской академии...$vза 1873 год _94845506 _aИмператорская военно-медицинская академия (Петербург). Конференция _cПетроград _d1870-1914 _tПротоколы заседаний Конференции Императорской Военно-медицинской академии... _vза 1873 год |
|
| 482 | 0 |
_12001#$aВоенно-медицинский журнал$v1875, февр., ч. 122 _tВоенно-медицинский журнал |
|
| 801 | 0 |
_aRU _bNLR _gpsbo |
|
| 801 | 0 |
_aRU _bRuMoRGB _2psbo |
|
| 801 | 1 |
_aRU _bProSoft-M _2rusmarc |
|
| 852 |
_aNLR _jМд10/Б-5/15 |
||
| 852 |
_aNLR _j1/42(пер.) |
||
| 899 |
_aRuMoRGB (1872-1913*) _jA 203/5 |
||
| 899 |
_aRuMoRGB (1872-1913*) _jA 208/408 |
||
| 899 | _aБАН (1872-1913*) | ||
| 899 | _aНБ СПбГУ (1870-1897*) | ||
| 899 | _aНБ МГУ (1870-1913*) | ||
| 942 | _cBOOK | ||
| 980 | _aNB | ||